América Latina
Zapisane w:
| Format: | Nieznany |
|---|---|
| Język: | Spanish |
| Wydane: |
Moscú :
Editorial Progreso,
1976.
|
| Hasła przedmiotowe: | |
| Etykiety: |
Dodaj etykietę
Nie ma etykietki, Dołącz pierwszą etykiete!
|
MARC
| LEADER | 000000000a22000000004500 | ||
|---|---|---|---|
| 001 | 003044 | ||
| 041 | 0 | |a spa | |
| 082 | 0 | 4 | |a 980 |b A313a |
| 245 | 0 | 0 | |a América Latina |
| 260 | 1 | |a Moscú : |b Editorial Progreso, |c 1976. | |
| 300 | |a 255 páginas ; |c 20 x 17 cm | ||
| 650 | 4 | |a AMERICA LATINA | |
| 650 | 4 | |a ARTE | |
| 650 | 4 | |a LITERATURA | |
| 999 | |c 9359 |d 9359 | ||
| 942 | |c BK |h 980 A313a |2 z | ||
